[Event "JAM Masters-B"]
[Site "Kingston"]
[Date "2017.09.30"]
[Round "1.2"]
[White "Williams, Walter"]
[Black "Glaves, Raheem"]
[Result "0-1"]
[WhiteElo "1882"]
[BlackElo "1827"]
[PlyCount "108"]
[EventDate "2017.09.30"]
[EventType "k.o."]
[EventRounds "3"]
[EventCountry "JAM"]
[SourceTitle "CBM 181 Extra"]
[Source "ChessBase"]
[SourceDate "2017.12.12"]
[SourceVersion "1"]
[SourceVersionDate "2017.12.12"]
[SourceQuality "1"]

1. d4 Nf6 2. Nf3 g6 3. c4 Bg7 4. Nc3 0-0 5. Bf4 d6 6. e3 Nbd7 7. Be2 Re8 8. h3 c6 9. 0-0 h6 10. b4 a5 11. a3 b6 12. Qc2 Bb7 13. Rfd1 Qc8 14. Rac1 axb4 15. axb4 e5 16. Bh2 exd4 17. exd4 d5 18. Ne5 Ne4 19. Nxe4 dxe4 20. Nxd7 Qxd7 21. c5 Qd8 22. Bd6 Ba6 23. d5 Bxe2 24. Qxe2 cxd5 25. Rxd5 bxc5 26. bxc5 Qa5 27. Rcd1 Qa4 28. Bc7 Qc6 29. Bb6 Be5 30. g3 Rac8 31. Qe3 Kh7 32. Rd7 Qf6 33. Qb3 Kg7 34. Qd5 e3 35. f4 e2 36. Re1 Bc3 37. Rd6 Qe7 38. f5 Qe3+ 39. Kh1 Qe4+ 40. Qxe4 Rxe4 41. Rxe2 Rxe2 42. fxg6 fxg6 43. c6 Be5 44. Rd7+ Kf6 45. Bd8+ Ke6 46. Re7+ Kd6 47. c7 Rc2 48. Rh7 h5 49. Rh6 Kd7 50. Rxg6 Bxc7 51. Bh4 Re8 52. g4 hxg4 53. Rxg4 Ree2 54. Rg7+ Ke6 0-1

[Event "JAM-ch"]
[Site "Kingston"]
[Date "2013.05.11"]
[Round "8"]
[White "Soares, Andre"]
[Black "Williams, Walter"]
[Result "1-0"]
[WhiteElo "1878"]
[BlackElo "1825"]
[PlyCount "135"]
[EventDate "2013.04.26"]
[EventType "tourn"]
[EventRounds "9"]
[EventCountry "JAM"]
[SourceTitle "CBM 154 Extra"]
[Source "ChessBase"]
[SourceDate "2013.06.25"]
[SourceVersion "2"]
[SourceVersionDate "2013.06.25"]
[SourceQuality "1"]

1. d4 d5 2. Bg5 c6 3. e3 Bf5 4. c4 Bxb1 5. Rxb1 dxc4 6. Qd2 b5 7. a4 Qb6 8. Ne2 Nf6 9. Bxf6 exf6 10. g3 a5 11. Bg2 Ra7 12. 0-0 Bb4 13. Nc3 0-0 14. Qc2 Bd6 15. d5 b4 16. Ne4 cxd5 17. Nxd6 Qxd6 18. Rfd1 Rc8 19. Bxd5 Qc7 20. Bxc4 Nd7 21. b3 Ne5 22. Rbc1 g6 23. Qe2 Qb8 24. Bb5 Rac7 25. Rxc7 Rxc7 26. f4 Nc6 27. Qf3 Ne7 28. Bc4 Kg7 29. g4 Qb6 30. Kf2 Nc8 31. Qd5 Re7 32. Qd4 Qxd4 33. Rxd4 Nb6 34. Bb5 Rc7 35. Rd6 Nc8 36. Ra6 Ra7 37. Ke2 Rxa6 38. Bxa6 Nd6 39. Kd3 Kf8 40. Kd4 Ke7 41. Kc5 Ne4+ 42. Kb5 Nd2 43. Kxa5 Nxb3+ 44. Kxb4 Nd2 45. Bd3 Kd6 46. Kc3 Nf3 47. h3 h6 48. Bc4 g5 49. Bxf7 Ng1 50. Kd4 Nxh3 51. Ke4 gxf4 52. exf4 Nf2+ 53. Kf5 Nd3 54. Bc4 Nc5 55. a5 Kc7 56. Kxf6 Ne4+ 57. Kg6 Nf2 58. Kh5 Nh3 59. f5 Nf2 60. Be2 Nh3 61. Kxh6 Nf4 62. Bf3 Nd3 63. g5 Ne5 64. Be2 Nf7+ 65. Kg6 Ne5+ 66. Kg7 Nc6 67. f6 Nd8 68. Bc4 1-0

[Event "JAM-ch"]
[Site "Kingston"]
[Date "2013.04.27"]
[Round "2"]
[White "Wilkinson, Ian"]
[Black "Williams, Walter"]
[Result "0-1"]
[WhiteElo "1952"]
[BlackElo "1825"]
[PlyCount "92"]
[EventDate "2013.04.26"]
[EventType "tourn"]
[EventRounds "9"]
[EventCountry "JAM"]
[SourceTitle "CBM 154 Extra"]
[Source "ChessBase"]
[SourceDate "2013.06.25"]
[SourceVersion "2"]
[SourceVersionDate "2013.06.25"]
[SourceQuality "1"]

1. e4 c5 2. Nf3 d6 3. d4 cxd4 4. Nxd4 Nf6 5. Nc3 a6 6. Bg5 e6 7. f4 Nbd7 8. Qf3 Qc7 9. 0-0-0 b5 10. Bd3 Bb7 11. Rhe1 Be7 12. g4 Rc8 13. Kb1 Qb6 14. Nb3 Rxc3 15. bxc3 Qc7 16. Re3 Nb6 17. Bxf6 Bxf6 18. g5 Be7 19. Nd4 0-0 20. h4 Na4 21. Bf1 Qc5 22. Ka1 Rc8 23. Nb3 Qa3 24. Rb1 d5 25. exd5 Bxd5 26. Qg3 b4 27. c4 Bxc4 28. Bxc4 Rxc4 29. Nd2 Nc3 30. Rb2 Rc5 31. Nb1 Qa5 32. Nxc3 bxc3 33. Rb8+ Bf8 34. Rb3 g6 35. h5 gxh5 36. Qf3 Qc7 37. Kb1 Rc4 38. Re4 Qc6 39. Re3 Qd6 40. Qxh5 Qxf4 41. Rf3 Re4 42. Rd3 Re1+ 43. Rd1 Qd2 44. Rxc3 Rxd1+ 45. Kb2 Qc1+ 46. Kb3 Qa3+ 0-1

[Event "JAM-ch"]
[Site "Kingston"]
[Date "2013.04.26"]
[Round "1"]
[White "Williams, Walter"]
[Black "Lorne, Ras Malaku"]
[Result "1-0"]
[WhiteElo "1825"]
[BlackElo "2091"]
[PlyCount "77"]
[EventDate "2013.04.26"]
[EventType "tourn"]
[EventRounds "9"]
[EventCountry "JAM"]
[SourceTitle "CBM 154 Extra"]
[Source "ChessBase"]
[SourceDate "2013.06.25"]
[SourceVersion "2"]
[SourceVersionDate "2013.06.25"]
[SourceQuality "1"]

1. d4 e6 2. c4 Nf6 3. Nf3 b6 4. Bf4 Bb7 5. Nc3 Bb4 6. Qb3 Nc6 7. a3 Bxc3+ 8. Qxc3 Ne4 9. Qc2 Ne7 10. e3 0-0 11. Bd3 f5 12. 0-0 Ng6 13. Bg3 c5 14. Nd2 Nxd2 15. Qxd2 cxd4 16. Bd6 Nh4 17. f3 dxe3 18. Qxe3 Re8 19. Rae1 Qf6 20. Be5 Qf7 21. Qg5 Ng6 22. Bc3 Ne7 23. Re2 d6 24. f4 Ng6 25. Rfe1 h6 26. Qg3 Rad8 27. h4 Re7 28. h5 Nf8 29. Qh3 Bc8 30. Bxf5 Rde8 31. Bc2 Qxf4 32. Qd3 Qg5 33. Rf2 Qxh5 34. Ref1 g6 35. Qxd6 Qc5 36. Bb4 Qe3 37. Kh1 Rd7 38. Rxf8+ Kh7 39. R1f7+ 1-0